5HLuxD.jpg

KING HENRY VIII SENIOR AND PRIMARY SCHOOL LIBRARY OPAC

SLIME! It's Not Mine (Record no. 5977)

000 -LEADER
fixed length control field 00783nam a22002057a 4500
005 - DATE AND TIME OF LATEST TRANSACTION
control field 20260107090551.0
008 - FIXED-LENGTH DATA ELEMENTS--GENERAL INFORMATION
fixed length control field 260107b ||||| |||| 00| 0 eng d
020 ## - INTERNATIONAL STANDARD BOOK NUMBER
International Standard Book Number 9781529064452
040 ## - CATALOGING SOURCE
Transcribing agency KH8
082 ## - DEWEY DECIMAL CLASSIFICATION NUMBER
Classification number 823.92 WEL
100 ## - MAIN ENTRY--PERSONAL NAME
Personal name WELSH,CLARE HELEN
Relator term AUTHOR
245 ## - TITLE STATEMENT
Title SLIME! It's Not Mine
260 ## - PUBLICATION, DISTRIBUTION, ETC.
Place of publication, distribution, etc. The Smithson,6 Briset Street,London,EC1M 5NR
Name of publisher, distributor, etc. MacMillan Children's Books
Date of publication, distribution, etc. 2022
300 ## - PHYSICAL DESCRIPTION
Extent PAGES
Other physical details Colour illustration
Dimensions 26cm x 26cm
520 ## - SUMMARY, ETC.
Summary, etc. A laugh-out-loud funny story, full of animal facts and... SLIME. Lenny the lemur is on holiday in California. He's having a wonderful time swinging through the redwood trees, when - ew - he gets slimed!
650 ## - SUBJECT ADDED ENTRY--TOPICAL TERM
Topical term or geographic name entry element Juvenile Fiction
655 ## - INDEX TERM--GENRE/FORM
Genre/form data or focus term Old English Literature
655 ## - INDEX TERM--GENRE/FORM
Genre/form data or focus term Animals
942 ## - ADDED ENTRY ELEMENTS (KOHA)
Source of classification or shelving scheme
Koha item type Books - Fiction
Holdings
Withdrawn status Lost status Source of classification or shelving scheme Damaged status Not for loan Collection code Permanent Location Current Location Shelving location Date acquired Full call number Barcode Date last seen Price effective from Koha item type Public note
          Fiction KH8 Primary School Library KH8 Primary School Library Fiction 2026-01-07 823.92 WEL KHPL000008047 2026-03-19 2026-01-07 Books - Fiction PRIMARY LIBRARY

Powered By KH8 IT Dept